[Event "Manresa op"]
[Site "Manresa"]
[Date "1996.??.??"]
[Round "4"]
[White "Jerez Perez, Alfonso"]
[Black "De la Riva Aguado, Oscar"]
[Result "0-1"]
[WhiteElo "2315"]
[BlackElo "2490"]

1.e4 c5 2.c3 Nf6 3.e5 Nd5 4.d4 cxd4 5.Qxd4 e6 6.Nf3 Nc6 7.Qe4 d6 8.exd6 Bxd6
9.g3 O-O 10.Bg2 Nf6 11.Qe2 e5 12.Bg5 h6 13.Bxf6 Qxf6 14.Nbd2 Bc7 15.O-O Bf5
16.Ne4 Qe7 17.Rad1 Rad8 18.Nfd2 Be6 19.Nb3 b6 20.Qb5 Nb8 21.Qe2 f5 22.Ned2 Qf7
23.Rfe1 Kh8 24.Nf3 Nd7 25.Qc2 Rfe8 26.Nc1 Qf6 27.Qa4 Bb8 28.c4 Nc5 29.Qc2 e4
30.Nd2 Be5 31.b4 Nb7 32.a3 Bf7 33.Nf1 Bc3 34.Rxd8 Rxd8 35.Rd1 Rxd1 36.Qxd1 Qd4
37.Qa4 Be1 38.Ne3 Qd2  0-1

[Event "ITA-ch"]
[Site "Mantova"]
[Date "1996.??.??"]
[Round "4"]
[White "Godena, Michele"]
[Black "Isonzo, Davide"]
[Result "1-0"]
[WhiteElo "2550"]
[BlackElo "2175"]

1.e4 c5 2.c3 Nf6 3.e5 Nd5 4.Nf3 Nc6 5.d4 cxd4 6.cxd4 d6 7.Bc4 Nb6 8.Bb5 Bd7
9.exd6 e6 10.Bg5 Qb8 11.Nc3 Bxd6 12.O-O O-O 13.Re1 Nb4 14.Bxd7 Nxd7 15.a3 Nc6
16.d5 exd5 17.Qxd5 Nde5 18.Nh4 Ng6 19.Nxg6 hxg6 20.h3 Bf4 21.Ne4 Bxg5 22.Nxg5 Qd8
23.Qc5 Rc8 24.Rad1 Qf6 25.Rd6 Qf5 26.Qxf5 gxf5 27.Rd7 f6 28.Nf3 Rf7 29.Red1 Rc7
30.R7d6 g6 31.h4 f4 32.Nd4 Rfd7 33.Nxc6 Rxd6 34.Rxd6 Rxc6 35.Rd8+ Kg7 36.Rd7+ Kh6
37.Rxb7 Ra6 38.f3 Kh5  1-0

[Event "Mar del Plata op"]
[Site "Mar del Plata"]
[Date "1996.??.??"]
[Round "4"]
[White "De Haro, Martim Alfonso"]
[Black "Toth, Christian Endre"]
[Result "0-1"]
[WhiteElo "2175"]
[BlackElo "2375"]

1.e4 c5 2.c3 Nf6 3.e5 Nd5 4.d4 cxd4 5.cxd4 e6 6.Nf3 d6 7.Bd3 Nb4 8.Be2 dxe5
9.a3 e4 10.axb4 exf3 11.Bxf3 Bxb4+ 12.Nc3 O-O 13.O-O Nc6 14.Be3 Ne7 15.Qb3 a5
16.Rad1 Nf5 17.d5 Nxe3 18.fxe3 Qb6 19.Ne4 exd5 20.Qxd5 Qxe3+ 21.Kh1 Ra6  0-1

[Event "Maribor"]
[Site "Maribor"]
[Date "1996.??.??"]
[Round "?"]
[White "Grosar, Aljosa"]
[Black "Razuvaev, Yuri S"]
[Result "0-1"]
[WhiteElo "2470"]
[BlackElo "2580"]

1.e4 c5 2.c3 Nf6 3.e5 Nd5 4.Nf3 Nc6 5.d4 cxd4 6.cxd4 d6 7.Bc4 Nb6 8.Bb3 g6
9.O-O Bg7 10.Bf4 O-O 11.h3 dxe5 12.dxe5 Qxd1 13.Rxd1 a5 14.Nc3 a4 15.Bd5 Nxd5
16.Rxd5 a3 17.bxa3 Rxa3 18.Rc1 h6 19.Bg3 g5 20.Rc5 Rd8 21.Rb1 Kh7 22.Rb2 Rd3
23.Nd5 Be6 24.Ne3 Rd7 25.Rcc2 Ra4 26.Re2 Kg6 27.Nf1 Bc4 28.Red2 Rxd2 29.N1xd2 Ba6
30.Nb3 Rb4 31.Rd2 Bc4 32.Nbd4 Nxd4 33.Nxd4 e6 34.f4 gxf4 35.Bxf4 Ra4 36.Nf3 Bd5
37.Bg3 Rxa2 38.Nh4+ Kh7 39.Rd4 b5 40.Kf1 Ra4 41.Rd2 b4 42.Nf3 b3  0-1

[Event "Maribor"]
[Site "Maribor"]
[Date "1996.??.??"]
[Round "?"]
[White "Pavasovic, Dusko"]
[Black "Kozul, Zdenko"]
[Result "0-1"]
[WhiteElo "2425"]
[BlackElo "2580"]

1.e4 c5 2.c3 Nf6 3.e5 Nd5 4.d4 cxd4 5.Nf3 Nc6 6.cxd4 d6 7.Bc4 e6 8.O-O Be7
9.Qe2 O-O 10.Qe4 Qc7 11.Bd3 f5 12.exf6 Nxf6 13.Qe2 Nb4 14.Nc3 Nxd3 15.Qxd3 Bd7
16.Re1 Rae8 17.Ng5 Bd8 18.Bf4 h6 19.Nf3 Nh5 20.Be3 Bc6 21.d5 exd5 22.Qg6 Nf4
23.Qg3 Nxg2 24.Qxg2 d4 25.Bxd4 Bxf3 26.Qg6 Bc6 27.Re6 Rxe6 28.Qxe6+ Kh7 29.Nd5 Qa5
30.Qg4 Rf7 31.Nf4 g5 32.b4 Rxf4  0-1

[Event "LTU-ch (Women)"]
[Site "Marijampole"]
[Date "1996.??.??"]
[Round "3"]
[White "Domarkaite, Laima"]
[Black "Cmilyte, Viktorija"]
[Result "0-1"]
[WhiteElo "2180"]
[BlackElo "2110"]

1.e4 c5 2.c3 Nf6 3.e5 Nd5 4.d4 cxd4 5.Nf3 Nc6 6.Bc4 Nb6 7.Bb3 d6 8.exd6 Qxd6
9.O-O d3 10.Na3 Bf5 11.Nb5 Qd7 12.Be3 e6 13.Nxa7 Rxa7 14.Bxb6 Ra8 15.Nd4 Nxd4
16.Bxd4 Bd6 17.Qd2 O-O 18.Rae1 Rae8 19.f4 Kh8 20.g3 f6 21.Bd1 e5 22.Be3 Bh3
23.Rf2 exf4 24.gxf4 Bf5 25.Bf3 Re7 26.Ref1 Rfe8 27.Bd4 Qc7 28.Bh5 Ra8 29.b4 Re4
30.Re1 Bxf4 31.Qd1 d2 32.Rxe4 Bxe4 33.Qg4 Rxa2 34.Rxf4 d1=Q+ 35.Qxd1 Qxf4  0-1

[Event "LTU-ch (Women)"]
[Site "Marijampole"]
[Date "1996.??.??"]
[Round "8"]
[White "Domarkaite, Laima"]
[Black "Bandziene, Rasa"]
[Result "1-0"]
[WhiteElo "2180"]
[BlackElo "2165"]

1.e4 c5 2.c3 Nf6 3.e5 Nd5 4.d4 cxd4 5.Nf3 e6 6.cxd4 b6 7.Bd3 Ba6 8.O-O Bxd3
9.Qxd3 Be7 10.Nc3 Nxc3 11.bxc3 d5 12.exd6 Qxd6 13.Ne5 O-O 14.Bf4 Qd8 15.Qg3 Bh4
16.Qf3 Nd7 17.Nc6 Qf6 18.c4 Rac8 19.d5 Rfe8 20.Rad1 e5 21.Qg4 Qxf4 22.Qxd7 Qxc4
23.Rc1 Qa6 24.Nb4 Bxf2+ 25.Kxf2  1-0

[Event "Wch U20 Girls"]
[Site "Medellin"]
[Date "1996.??.??"]
[Round "1"]
[White "Peptan, Corina"]
[Black "Ghate, Swati"]
[Result "1-0"]
[WhiteElo "2395"]
[BlackElo "2160"]

1.e4 c5 2.c3 Nf6 3.e5 Nd5 4.d4 cxd4 5.Nf3 e6 6.cxd4 b6 7.a3 Bb7 8.Bd3 d6
9.O-O Nd7 10.Re1 Qc7 11.Bd2 Be7 12.Nc3 Nxc3 13.Bxc3 dxe5 14.dxe5 Rd8 15.Rc1 Nc5
16.Bb5+ Bc6 17.Bxc6+ Qxc6 18.Nd4 Qd7 19.b4 Na4 20.Ba1 Bg5 21.Rc6 Qxc6 22.Nxc6 Rxd1
23.Rxd1 O-O 24.Nxa7 Rd8 25.Rxd8+ Bxd8 26.f4 Kf8 27.Kf2 Ke8 28.Bd4 g5 29.g3 Kd7
30.Ke2 gxf4 31.gxf4 Bc7 32.Kd3 Bb8 33.Nb5 Kc6 34.Kc4  1-0

[Event "Wch U20"]
[Site "Medellin"]
[Date "1996.??.??"]
[Round "1"]
[White "Otero, Diosmany"]
[Black "Sutovskij, Emil"]
[Result "0-1"]
[WhiteElo "2255"]
[BlackElo "2565"]

1.e4 c5 2.c3 Nf6 3.e5 Nd5 4.d4 cxd4 5.Qxd4 e6 6.Nf3 Nc6 7.Qe4 d6 8.c4 Nde7
9.exd6 Qxd6 10.Nc3 Ng6 11.g3 f5 12.Qe2 e5 13.Bg2 Be6 14.O-O Be7 15.Rd1 Qb8
16.Nd5 e4 17.Ng5 Bxg5 18.Bxg5 Qe5 19.Bf4 Nxf4 20.gxf4 Qb8 21.Qh5+ Kf8 22.Bh3 g6
23.Qg5 Qd6 24.Qh6+ Kf7 25.Bf1 Rac8 26.Rac1 Qf8 27.Qg5 Qg7 28.c5 Rhd8 29.Bc4 h6
30.Qh4 Kf8 31.Nb6 axb6 32.Bxe6 Ra8 33.Rxd8+ Rxd8 34.cxb6 g5 35.fxg5 Nd4 36.Kh1 hxg5
37.Qh3 Nxe6 38.Qxf5+ Qf7 39.Qxe4 Nf4 40.Qe5 Qd5+ 41.Qxd5 Rxd5 42.h4 gxh4
43.Rc4 Rf5 44.a4 Nd5 45.Rxh4 Rxf2 46.Rh8+ Kg7 47.Rb8 Rf7 48.a5 Nb4 49.Rc8 Na6
50.Kg2 Kf6 51.Rc4 Ke5 52.b4 Kd5  0-1

[Event "Wch U20 Girls"]
[Site "Medellin"]
[Date "1996.??.??"]
[Round "2"]
[White "Ratcu, Tatiana"]
[Black "Benderac, Ana"]
[Result "1-0"]
[WhiteElo "2190"]
[BlackElo "2115"]

1.e4 c5 2.c3 Nf6 3.e5 Nd5 4.d4 cxd4 5.Qxd4 e6 6.Nf3 Nc6 7.Qe4 d6 8.Bb5 Bd7
9.c4 Ndb4 10.a3 d5 11.Qe2 a6 12.Ba4 b5 13.cxb5 axb5 14.Bxb5 Qa5 15.O-O Nxe5
16.axb4 Nxf3+ 17.gxf3 Qxa1 18.Bxd7+ Kxd7 19.Qb5+ Ke7 20.Na3 Rxa3 21.bxa3 f6
22.Qb7+ Ke8 23.Be3 Qa2 24.Rc1 Be7 25.Qc8+ Bd8 26.Qxe6+  1-0

[Event "Meisdorf op"]
[Site "Meisdorf"]
[Date "1996.??.??"]
[Round "?"]
[White "Jahn, Constanze"]
[Black "Goloshchapov, Alexander"]
[Result "0-1"]
[WhiteElo "2225"]
[BlackElo "2445"]

1.e4 c5 2.c3 Nf6 3.e5 Nd5 4.d4 cxd4 5.Nf3 Nc6 6.Bc4 Nb6 7.Bb3 d5 8.exd6 Qxd6
9.O-O Be6 10.Na3 dxc3 11.Nb5 Qxd1 12.Rxd1 Rc8 13.Bxe6 fxe6 14.Nxc3 h6 15.Re1 Kf7
16.Bf4 g5 17.Ne5+ Nxe5 18.Bxe5 Rg8 19.Rad1 Bg7 20.Bxg7 Rxg7 21.Nb5 Rc5 22.Nd4 Rd5
23.Rd3 Rg6 24.Nf3 Nd7 25.Rde3 Rf6 26.h3 Rd6 27.R1e2 Rf5 28.g4 Rfd5 29.Ne5+ Nxe5
30.Rxe5 Rxe5 31.Rxe5 Rd5 32.Re3 e5 33.Kf1 Ke6 34.Ke2 Rb5 35.b3 Rc5 36.Kd3 Kd5
37.Kd2 b5 38.h4 b4 39.hxg5 hxg5 40.Rf3 Ke4 41.Rf7 Ra5 42.f3+ Kd4 43.Rxe7 Rxa2+
44.Kc1 a5 45.Rc7 Ke3 46.Rf7 Kd4 47.Rf5 Kc3 48.Kd1 Rd2+ 49.Ke1 Rd5 50.Rxg5 Kxb3
51.f4 a4  0-1

[Event "Wch U18"]
[Site "Menorca"]
[Date "1996.??.??"]
[Round "1"]
[White "Shaked, Tal"]
[Black "Hughes, Gareth"]
[Result "1-0"]
[WhiteElo "2440"]
[BlackElo "2165"]

1.e4 c5 2.c3 Nf6 3.e5 Nd5 4.Nf3 Nc6 5.Bc4 Nb6 6.Bb3 e6 7.d4 cxd4 8.cxd4 d5
9.exd6 Bxd6 10.O-O O-O 11.Nc3 Be7 12.Be3 Nd5 13.Qe2 Na5 14.Bc2 b6 15.Ne5 Bb7
16.Qh5 g6 17.Qh3 Rc8 18.Bh6 Re8 19.Ba4 Nc6 20.Rad1 Bg5 21.Bxg5 Qxg5 22.Nxd5 exd5
23.Nxf7 Qf4 24.Ne5 Nxd4 25.Bxe8 Qxe5 26.Ba4 Ne2+ 27.Kh1 d4 28.Bb3+ Kh8 29.f3 Nf4
30.Qd7 Re8 31.Qxd4 Qxd4 32.Rxd4 Ba6 33.Rfd1 Ne2 34.Rd8 Rxd8 35.Rxd8+ Kg7
36.Rd7+ Kh6 37.Rxa7 Bd3 38.h4 Nf4 39.Kh2 Bf1 40.Kg3 Nd3 41.Bg8 g5 42.Rxh7+ Kg6
43.h5+ Kf6 44.Rh6+ Kg7 45.Rg6+ Kh8 46.Rxg5 Nxb2 47.Kf2 Bc4 48.Bxc4 Nxc4  1-0

[Event "Wch U14"]
[Site "Menorca"]
[Date "1996.??.??"]
[Round "2"]
[White "Jorgensen, Stig E"]
[Black "Shinkevich, Vitaly"]
[Result "0-1"]
[WhiteElo "2065"]
[BlackElo "2400"]

1.e4 c5 2.c3 Nf6 3.e5 Nd5 4.d4 cxd4 5.Nf3 Nc6 6.cxd4 d6 7.exd6 Qxd6 8.Nc3 g6
9.Bc4 Nxc3 10.bxc3 Bg7 11.Ng5 O-O 12.Ne4 Qc7 13.Bb3 Na5 14.Be3 Bf5 15.Nc5 b6
16.Na4 Nxb3 17.axb3 Rfd8 18.Qd2 e5 19.d5 Be4 20.c4 Bxg2 21.Rg1 Bf3 22.Nc3 f5
23.Bg5 Re8 24.Nb5 Qd7 25.Rg3 Bh5 26.Ra6 f4 27.Rg1 h6 28.Bh4 Qh3 29.Nc7 e4
30.Bg3 fxg3 31.hxg3 Qh2 32.Rf1 e3  0-1

[Event "Wch U16"]
[Site "Menorca"]
[Date "1996.??.??"]
[Round "2"]
[White "Vajda, Levente"]
[Black "Bekker Jensen, Simon"]
[Result "1-0"]
[WhiteElo "2370"]
[BlackElo "2200"]

1.e4 c5 2.c3 Nf6 3.e5 Nd5 4.d4 cxd4 5.Nf3 Nc6 6.Bc4 Nb6 7.Bb3 g6 8.Ng5 d5
9.exd6 e6 10.Ne4 Bg7 11.cxd4 O-O 12.Nbc3 h6 13.O-O f5 14.d5 Nd4 15.d7 Bxd7
16.Nc5 exd5 17.Nxd5 Kh7 18.Nxb7 Qc8 19.Nd6 Qc6 20.Nxb6 axb6 21.Bf4 Nxb3 22.Qxb3 Qa4
23.Be3 Qxb3 24.axb3 Bxb2 25.Rxa8 Rxa8 26.Nc4 Bb5 27.Nxb2 Bxf1 28.Kxf1 Ra3
29.Bxb6 Rxb3 30.Bd4 Rb4 31.Bc3 Rb3 32.Be5 Rb5 33.Nd3 Ra5 34.Ke2 Ra4 35.Ke3 Re4+
36.Kf3 Ra4 37.h3 Rc4 38.g4 Ra4 39.gxf5 gxf5 40.Nf4 Ra3+ 41.Kg2 Ra5 42.Bd4 Ra4
43.Be3 Re4 44.Kg3 Ra4 45.Nd5 Ra5 46.Nf4 Ra4 47.h4 Ra1 48.h5 Rg1+ 49.Ng2 Ra1
50.Nh4 Ra5 51.Ng6 Rb5 52.Kf4 Kg7 53.Bd4+ Kf7 54.Be5 Rb3 55.f3 Ra3 56.Bd6 Ra6
57.Be7 Ra1 58.Kxf5 Rh1 59.Bh4  1-0

[Event "Wch U14"]
[Site "Menorca"]
[Date "1996.??.??"]
[Round "5"]
[White "Jakupovic, Neven"]
[Black "Dumas Aviles, Alejandro"]
[Result "1/2-1/2"]
[WhiteElo "2035"]
[BlackElo "2095"]

1.e4 c5 2.c3 Nf6 3.e5 Nd5 4.d4 cxd4 5.Nf3 e6 6.cxd4 Nc6 7.a3 d6 8.Bd3 dxe5
9.dxe5 Be7 10.O-O O-O 11.Qe2 Qc7 12.Bd2 Rd8 13.Nc3 Nxc3 14.Bxc3 b6 15.Rac1 Bb7
16.Bb1 Rac8 17.h4 Rd7 18.Qe4 g6 19.Qf4 Qd8 20.h5 Bf8 21.hxg6 hxg6 22.Nh2 Nd4
23.Rfe1 Nb5 24.Ng4 Bg7 25.Nf6+ Bxf6 26.exf6 Nxc3 27.bxc3 Rc5 28.Bc2 Rh5 29.Re3 Qc7
30.Qxc7 Rxc7 31.Rd1 Rd5 32.Red3 Rcd7 33.Rxd5 Rxd5 34.Rxd5 Bxd5 35.f4 Kh7
36.Kf2 Kh6 37.g4 g5 38.Kg3  1/2-1/2

[Event "Wch U18 Girls"]
[Site "Menorca"]
[Date "1996.??.??"]
[Round "8"]
[White "Vajda, Szidonia"]
[Black "Werner, Isabel"]
[Result "1/2-1/2"]
[WhiteElo "2285"]
[BlackElo "2210"]

1.e4 c5 2.c3 Nf6 3.e5 Nd5 4.Nf3 e6 5.Bc4 Nb6 6.Bb3 d6 7.O-O c4 8.Bc2 dxe5
9.Nxe5 N8d7 10.d4 cxd3 11.Nxd3 Be7 12.Nd2 O-O 13.Qe2 Qc7 14.Nf3 Nd5 15.Nde5 N7f6
16.a3 Bd6 17.c4 Ne7 18.b4 Ng6 19.Bb2 b6 20.Rfd1 Nxe5 21.Nxe5 Bb7 22.Rac1 Rac8
23.h3 Rfd8 24.Bd3 Qe7 25.Bd4 Kh8 26.Qe3 Nd7 27.Nxd7 Rxd7 28.Re1 Qh4 29.Be4 Bxe4
30.Qxe4 Qxe4 31.Rxe4 Rdc7 32.f4 Kg8 33.Be5 Bxe5 34.Rxe5 h5  1/2-1/2

[Event "Wch U18"]
[Site "Menorca"]
[Date "1996.??.??"]
[Round "11"]
[White "Shaked, Tal"]
[Black "Krakops, Maris"]
[Result "0-1"]
[WhiteElo "2440"]
[BlackElo "2440"]

1.e4 c5 2.c3 Nf6 3.e5 Nd5 4.d4 cxd4 5.Nf3 Nc6 6.Bc4 Nb6 7.Bb3 g6 8.Ng5 d5
9.exd6 e6 10.Qf3 Ne5 11.Qg3 Bg7 12.Ne4 O-O 13.cxd4 Nc6 14.Nbc3 Nxd4 15.h4 f5
16.Bg5 Qe8 17.Nd2 Nd5 18.Nxd5 exd5+ 19.Kf1 f4 20.Bxf4 Qf7 21.Bg5 Be5 22.f4 h6
23.Bxh6 Nf5 24.Qe1 Bc3 25.Bxf8 Bxd2 26.Qxd2 Ng3+ 27.Kg1 Nxh1 28.Rc1 Kxf8
29.Rc7 Bd7 30.Kxh1 Qe6 31.Rxb7 Re8 32.Rxa7 Qg4 33.Kg1 Qxh4  0-1

[Event "Wch U18 Girls"]
[Site "Menorca"]
[Date "1996.??.??"]
[Round "11"]
[White "Werner, Isabel"]
[Black "Peptan, Corina"]
[Result "0-1"]
[WhiteElo "2210"]
[BlackElo "2395"]

1.e4 c5 2.c3 Nf6 3.e5 Nd5 4.d4 cxd4 5.Nf3 e6 6.cxd4 d6 7.a3 Bd7 8.Bd3 Bc6
9.O-O Nd7 10.Qe2 dxe5 11.dxe5 Be7 12.Bd2 Qc7 13.Nc3 Nxc3 14.Bxc3 O-O 15.Rfe1 Rfd8
16.Rac1 Rac8 17.Bb1 a6 18.Nd4 Bd5 19.Qd3 Nf8 20.Qg3 Qb6 21.Nc2 Ng6 22.Nb4 Bh4
23.Nxd5 exd5 24.Qf3 d4 25.Bb4 Rxc1 26.Rxc1 a5 27.Be1 Bg5 28.Bxg6 hxg6 29.Rd1 Be7
30.a4 Qxb2 31.Bxa5 b6 32.Qb7 Bc5 33.Qc7 Re8 34.Be1 Qe2 35.Rb1 Rxe5 36.h3 Re7
37.Qb8+ Re8 38.Qc7 d3 39.Qd7 Kf8 40.Ra1 Re7 41.Qd8+ Re8 42.Qd7 Qc2 43.Kh2 Be7
44.Qd4 Rd8 45.Qc3 Qe2 46.Bd2 Qxf2 47.a5 Bd6+ 48.Kh1 Qg3 49.Kg1 Re8 50.Re1 Bc5+
51.Kh1 Rxe1+ 52.Bxe1 Qe3 53.Kh2 bxa5 54.Qxa5 Bd6+ 55.Kh1 Ke7 56.Bh4+ f6 57.Be1 g5
58.Bb4 Qc1+ 59.Be1 Qc5 60.Qd2 Qd4 61.Qa5 Kf7 62.Qa2+ Kg6 63.Qb1 f5 64.Qd1 Qf4
65.Kg1 Bc5+ 66.Kh1 Qf1+ 67.Kh2 Bg1+  0-1

[Event "Metz op"]
[Site "Metz"]
[Date "1996.??.??"]
[Round "?"]
[White "Lafarge, Jean Marc"]
[Black "Carrillo, J."]
[Result "0-1"]
[WhiteElo "2240"]
[BlackElo "1910"]

1.e4 c5 2.c3 Nf6 3.e5 Nd5 4.d4 cxd4 5.Qxd4 e6 6.Bd3 Nc6 7.Qe4 b6 8.Nf3 Bb7
9.O-O Qc7 10.Re1 f5 11.Qe2 Be7 12.Bd2 O-O-O 13.a3 g5 14.b4 Rhg8 15.Nd4 Nf4
16.Bxf4 gxf4 17.f3 Rg6 18.Nxc6 Qxc6 19.Nd2 Rdg8 20.c4 Kb8 21.Kh1 Rxg2 22.Qxg2 Rxg2
23.Kxg2 Bh4 24.Re2 d6 25.Kh3 Bg5 26.Rae1 dxe5 27.Rxe5 Qd7 28.Ne4 fxe4 29.Bxe4 Bf6
30.Rh5 Bxe4 31.Rxe4 e5+ 32.Kg2 Qd2+ 33.Kf1 Qd3+ 34.Kg2 Qd8 35.Kf1 Qd3+ 36.Kg2 Qxa3
37.Rf5 Qb2+ 38.Kh3 Qf2  0-1

[Event "Metz op"]
[Site "Metz"]
[Date "1996.??.??"]
[Round "?"]
[White "Rate, Bruno"]
[Black "Sutovskij, Emil"]
[Result "1/2-1/2"]
[WhiteElo "2050"]
[BlackElo "2545"]

1.e4 c5 2.c3 Nf6 3.e5 Nd5 4.d4 cxd4 5.Nf3 Nc6 6.Bc4 Nb6 7.Bb3 d6 8.exd6 Qxd6
9.O-O Be6 10.Na3 dxc3 11.Nb5 Qxd1 12.Rxd1 Rc8 13.Bxe6 fxe6 14.Nxc3 g6 15.a4 a6
16.Ne4 Bg7 17.Nfg5 Nd8 18.Be3 Nc4 19.Nc5 Nxe3 20.fxe3 Rxc5 21.Rxd8+ Kxd8
22.Nxe6+ Kc8 23.Nxc5 Rd8 24.Rc1 Bxb2 25.Rc2 Rd1+ 26.Kf2 Rc1 27.Rxb2 Rxc5
28.Rb4 Kc7 29.Kf3 Kc6 30.h4 a5 31.Rd4 Rc2 32.Rf4 Ra2 33.Rf7 Rxa4 34.Rxh7 Ra1
35.Rxe7 a4 36.Re6+ Kc7 37.Rxg6 a3 38.Rg7+ Kc6 39.Rg6+ Kc5 40.Rg5+ Kc4 41.Ra5 b5
42.g4 b4 43.g5 Rg1 44.Kf4 Rf1+ 45.Kg4 b3 46.Ra4+ Kd5 47.Rxa3 b2 48.Rb3 b1=Q
49.Rxb1 Rxb1 50.Kf5 Kd6 51.Kf6 Rf1+ 52.Kg6 Ke7 53.h5 Kf8 54.e4 Re1 55.Kh7 Rxe4
56.g6 Rg4 57.h6 Rg1 58.Kh8 Rxg6 59.h7  1/2-1/2

[Event "Minsk op"]
[Site "Minsk"]
[Date "1996.??.??"]
[Round "1"]
[White "Gerasimovitch, Elena"]
[Black "Yagupov, Igor"]
[Result "0-1"]
[WhiteElo "2560"]
[BlackElo "2560"]

1.e4 c5 2.c3 Nf6 3.e5 Nd5 4.d4 cxd4 5.cxd4 d6 6.exd6 e6 7.Nc3 Bxd6 8.Nf3 Nc6
9.Bb5 O-O 10.O-O Qb6 11.Bc4 Nxc3 12.bxc3 e5 13.Be3 Qc7 14.Qc2 exd4 15.cxd4 Na5
16.Bd3 Qxc2 17.Bxc2 Be6 18.Ng5 Bc4 19.Nxh7 Rfc8 20.Rfd1 Be2 21.Rd2 Rxc2 22.Rxc2 Bd3
23.Nf6+ gxf6 24.Rc3 Bf5 25.Rac1 b5 26.a3 Nc4 27.Ra1 Bd7 28.Kf1 a5 29.Ke2 a4
30.h3 Ra6 31.g4 f5 32.g5 f4 33.Bd2 Nxd2 34.Kxd2 b4 35.Rcc1 Bxh3 36.Rh1 Bf5
37.Rh6 b3 38.Kc3 Rc6+ 39.Kd2 b2 40.Rah1 Rc2+ 41.Kd1 b1=Q+  0-1

[Event "Moscow GM4"]
[Site "Moscow"]
[Date "1996.??.??"]
[Round "?"]
[White "Vlassov, Nikolai"]
[Black "Dvalishvili, Pavel S"]
[Result "1-0"]
[WhiteElo "2380"]
[BlackElo "2365"]

1.e4 c5 2.c3 Nf6 3.e5 Nd5 4.d4 cxd4 5.cxd4 e6 6.Nc3 Nxc3 7.bxc3 Qc7 8.Bd2 d6
9.f4 Nd7 10.Nf3 Be7 11.Bd3 Nb6 12.O-O d5 13.Ng5 g6 14.g4 Nc4 15.Bc1 Bd7 16.a4 Bxg5
17.fxg5 Bc6 18.Qf3 O-O-O 19.Qxf7 Qa5 20.Qxe6+ Kb8 21.Rb1 Bd7 22.Qf7 Qxc3
23.Rxb7+ Kxb7 24.Qxd5+ Bc6 25.Rf7+ Kb8 26.Qxc6 Qxd4+ 27.Kg2 Qxg4+ 28.Kf1 Qc8
29.Qb5+ Nb6 30.Bf4 Rd4 31.Bg3 Rg4 32.a5 Rxg3 33.hxg3 Qh3+ 34.Ke2 Qg4+ 35.Kf2 Qd4+
36.Kf3 Qg1 37.axb6  1-0

[Event "Moscow IM4"]
[Site "Moscow"]
[Date "1996.??.??"]
[Round "?"]
[White "Feoktistov, Alexey A"]
[Black "Annakov, Babakuli"]
[Result "1/2-1/2"]
[WhiteElo "2270"]
[BlackElo "2360"]

1.e4 c5 2.c3 Nf6 3.e5 Nd5 4.d4 cxd4 5.cxd4 e6 6.a3 b6 7.Nf3 Be7 8.Nc3 Nxc3
9.bxc3 Qc7 10.Bd2 d6 11.Bd3 Bb7 12.O-O Nd7 13.Bf4 O-O 14.Re1 Rac8 15.Re3 h6
16.a4 Rfd8 17.Bb1 Bxf3 18.Qd3 Nf8 19.Rxf3 dxe5 20.Bxe5 Bd6 21.Bxd6 Qxd6 22.h4 Rc7
23.a5 bxa5 24.Rxa5 Qb6 25.Qb5 Qxb5 26.Rxb5 Rdc8 27.Rb3 Nd7 28.Ra3 Nf6 29.Bd3 Kf8
30.Ba6 Rb8 31.c4 Rd8 32.Rfd3 Rcd7 33.Bb5 Rxd4 34.Rxd4 Rxd4 35.Rxa7 Rxh4 36.Ra8+ Ke7
37.Ra7+ Kf8  1/2-1/2

[Event "Moscow IM2"]
[Site "Moscow"]
[Date "1996.??.??"]
[Round "?"]
[White "Tsebekov, Hongr"]
[Black "Annakov, Babakuli"]
[Result "1/2-1/2"]
[WhiteElo "2240"]
[BlackElo "2360"]

1.e4 c5 2.c3 Nf6 3.e5 Nd5 4.d4 cxd4 5.Qxd4 e6 6.Nf3 Nc6 7.Qe4 d6 8.exd6 Bxd6
9.Bd3 Nf6 10.Qe2 Qc7 11.Nbd2 Bd7 12.Nc4 Bf4 13.Bxf4 Qxf4 14.Nfe5 Nxe5 15.Nxe5 O-O
16.O-O  1/2-1/2

[Event "Moscow IM2"]
[Site "Moscow"]
[Date "1996.??.??"]
[Round "?"]
[White "Tsebekov, Hongr"]
[Black "Lopushnoy, Denis"]
[Result "0-1"]
[WhiteElo "2240"]
[BlackElo "2210"]

1.e4 c5 2.c3 Nf6 3.e5 Nd5 4.d4 cxd4 5.Qxd4 e6 6.Nf3 Nc6 7.Qe4 f5 8.exf6 Nxf6
9.Qc2 Be7 10.Bd3 O-O 11.Ng5 h6 12.Nf3 e5 13.Qe2 d5 14.Bc2 Bc5 15.b4 Bb6 16.b5 e4
17.bxc6 exf3 18.Qxf3 Ne4 19.cxb7 Bxb7 20.Qh5 Nxf2  0-1

[Event "Moscow-ch"]
[Site "Moscow"]
[Date "1996.??.??"]
[Round "1"]
[White "Pavlov, Nikita"]
[Black "Sveshnikov, Evgeny"]
[Result "0-1"]
[WhiteElo "2310"]
[BlackElo "2535"]

1.e4 c5 2.c3 Nf6 3.e5 Nd5 4.d4 cxd4 5.cxd4 d6 6.Nf3 Nc6 7.Bc4 dxe5 8.Nxe5 e6
9.O-O Be7 10.Qg4 O-O 11.Nd2 Nf6 12.Nxc6 Nxg4 13.Nxd8 Rxd8 14.Nf3 Bd7 15.h3 Nf6
16.Bb3 h6 17.Rd1 Bc6 18.Ne5 Bd5 19.Ba4 Rac8  0-1

[Event "Moscow-ch"]
[Site "Moscow"]
[Date "1996.??.??"]
[Round "1"]
[White "Vlassov, Nikolai"]
[Black "Osadchenko, Andrei"]
[Result "1-0"]
[WhiteElo "2395"]
[BlackElo "2180"]

1.e4 c5 2.c3 Nf6 3.e5 Nd5 4.d4 cxd4 5.cxd4 d6 6.Nf3 Nc6 7.Bc4 Nb6 8.Bb3 dxe5
9.d5 Na5 10.Nc3 Nxb3 11.Qxb3 e6 12.Nxe5 exd5 13.Be3 Bd6 14.Qb5+ Nd7 15.Nxf7 Kxf7
16.Qxd5+ Ke7 17.O-O-O Nf6 18.Qg5 Qg8 19.Nd5+ Kd7 20.Nxf6+ gxf6 21.Qxf6 Qxa2
22.Qxd6+ Ke8 23.Qe5+ Kf7 24.Qh5+ Ke6 25.Bd4  1-0

[Event "Moscow-ch"]
[Site "Moscow"]
[Date "1996.??.??"]
[Round "1"]
[White "Pavlov, Nikita"]
[Black "Sveshnikov, Evgeny"]
[Result "0-1"]
[WhiteElo "2310"]
[BlackElo "2535"]

1.e4 c5 2.c3 Nf6 3.e5 Nd5 4.d4 cxd4 5.cxd4 d6 6.Nf3 Nc6 7.Bc4 dxe5 8.Nxe5 e6
9.O-O Be7 10.Qg4 O-O 11.Nd2 Nf6 12.Nxc6 Nxg4 13.Nxd8 Rxd8 14.Nf3 Bd7  0-1

[Event "Moscow Alekhine op"]
[Site "Moscow"]
[Date "1996.??.??"]
[Round "2"]
[White "Cherniaev, Alexander"]
[Black "Saltaev, Mihail"]
[Result "1-0"]
[WhiteElo "2430"]
[BlackElo "2530"]

1.e4 c5 2.c3 Nf6 3.e5 Nd5 4.Bc4 e6 5.Nf3 d6 6.d4 cxd4 7.cxd4 Be7 8.O-O O-O
9.Qe2 Nd7 10.exd6 Bxd6 11.Nc3 N7f6 12.Bg5 h6 13.Bh4 Nf4 14.Qd2 Ng6 15.Bg3 Nh5
16.Rfe1 Nxg3 17.hxg3 Ne7 18.d5 exd5 19.Nxd5 Nc6 20.a3 Bg4 21.Rad1 Rc8 22.Ba2 Kh8
23.Bb1 Bh5 24.Bf5 Rb8 25.g4 Bg6 26.Bxg6 fxg6 27.g5 Kh7 28.gxh6 gxh6 29.Re6 Rxf3
30.gxf3 Be5 31.Kg2 Bg7 32.Qe3 Qf8 33.Ne7 Qf7 34.Nxc6 bxc6 35.Re7 Qf6 36.Rdd7 Rg8
37.b4 a6 38.Ra7 h5 39.Rxa6 h4 40.Raa7 g5 41.Qe5  1-0

[Event "Moscow Alekhine op"]
[Site "Moscow"]
[Date "1996.??.??"]
[Round "2"]
[White "Vlassov, Nikolai"]
[Black "Dubinsky, Roman"]
[Result "1-0"]
[WhiteElo "2380"]
[BlackElo "2170"]

1.e4 c5 2.c3 Nf6 3.e5 Nd5 4.d4 cxd4 5.cxd4 d6 6.Nf3 Nc6 7.Bc4 Nb6 8.Bb3 dxe5
9.d5 Nb4 10.Nc3 e6 11.Bg5 Be7 12.Bxe7 Qxe7 13.d6 Qd8 14.Nxe5 O-O 15.O-O Nc6
16.f4 Nd7 17.Nxf7 Rxf7 18.Bxe6 Qb6+ 19.Kh1 Nf6 20.Bxf7+ Kxf7 21.Nd5 Nxd5
22.Qxd5+ Be6 23.Qh5+ Kg8 24.f5 Qb5 25.Qg4 Rf8 26.a4 Qd3 27.Rf3 Bxf5 28.Qf4 Qd5
29.Raf1 Ne5 30.Re3 Nc4 31.Re7 Nxd6 32.Rd7 Rf6 33.Qg5 Rf7 34.Qd8+ Rf8 35.Qe7 Qf7
36.Qxf7+ Rxf7 37.Rxd6 g6 38.h3 Re7 39.Rf2 Kg7 40.Kh2 Bd7 41.Rd4 Bc6 42.g4 Re3
43.Rdf4 Bd5 44.b4 a6 45.h4 Bb3 46.b5 axb5 47.axb5 Bd5 48.Rd4 Be6 49.Rc2 Kf6
50.Rc7 Ke5 51.Rb4 b6 52.Rxh7 Kd5 53.Rg7 Kc5 54.Rf4 Kxb5 55.Rxg6 Kc5 56.h5 Bd5
57.Rf5 b5 58.Rgg5 Re2+ 59.Kg3 Rg2+ 60.Kh3  1-0

[Event "Moscow-ch"]
[Site "Moscow"]
[Date "1996.??.??"]
[Round "2"]
[White "Vorotnikov, Vladislav V"]
[Black "Rychagov, Andrei"]
[Result "1/2-1/2"]
[WhiteElo "2510"]
[BlackElo "2375"]

1.e4 c5 2.c3 Nf6 3.e5 Nd5 4.Nf3 e6 5.g3 Nc6 6.Bg2 d6 7.exd6 Bxd6 8.d4 cxd4
9.Nxd4 Nxd4 10.Qxd4 O-O 11.Nd2 Qc7 12.O-O Bd7 13.Nf3  1/2-1/2

[Event "Moscow-ch"]
[Site "Moscow"]
[Date "1996.??.??"]
[Round "3"]
[White "Vlassov, Nikolai"]
[Black "Vorobiov, Evgeny E"]
[Result "1-0"]
[WhiteElo "2395"]
[BlackElo "2440"]

1.e4 c5 2.c3 Nf6 3.e5 Nd5 4.d4 cxd4 5.cxd4 d6 6.Nf3 Nc6 7.Bc4 e6 8.Qe2 dxe5
9.dxe5 Na5 10.Bb5+ Bd7 11.O-O Be7 12.Bd2 Nc6 13.Nc3 Ncb4 14.Bc4 Nxc3 15.bxc3 Na6
16.Bxa6 bxa6 17.Qxa6 O-O 18.Qc4 Qa5 19.Qg4 Rfc8 20.Rfe1 Rab8 21.h4 Rb2 22.a4 Bc6
23.Bh6 g6 24.Ng5 Qxc3 25.Qf4 Be8 26.Ne4 Qb4 27.Nf6+ Kh8 28.Re4 Qc3 29.Nxe8 Rxf2
30.Rc1 Qd3 31.Qxf2 Rxc1+ 32.Bxc1 Qxe4 33.Nd6 Qb1 34.Qb2  1-0

[Event "Moscow Alekhine op"]
[Site "Moscow"]
[Date "1996.??.??"]
[Round "3"]
[White "Feoktistov, Alexey A"]
[Black "Voitsekhovsky, Stanislav"]
[Result "0-1"]
[WhiteElo "2270"]
[BlackElo "2485"]

1.e4 c5 2.c3 Nf6 3.e5 Nd5 4.d4 cxd4 5.cxd4 Nc6 6.Nf3 d6 7.Bc4 Nb6 8.Bb5 dxe5
9.Nxe5 Bd7 10.Nc3 e6 11.O-O Be7 12.Qg4 Bf6 13.Nxd7 Qxd7 14.Rd1 Rd8 15.Ne4 Qe7
16.h3 Rd5 17.Nc3 Rd7 18.Ne4 O-O 19.Bg5 Bxg5 20.Bxc6 bxc6 21.Nxg5 Rd5 22.Nf3 Rfd8
23.Rdc1 c5 24.dxc5 Rxc5 25.b4 Rcc8 26.Ne5 Qf6 27.Qe4 Nd5 28.Rxc8 Rxc8 29.Re1 Qe7
30.Nc6 Qb7 31.b5 a6 32.a4 axb5 33.axb5 h6 34.Qc4 Ra8 35.Qc5 Ra2 36.Rb1 Qb6
37.Qd4 Rc2 38.Ra1 Qxd4 39.Ra8+ Kh7 40.Nxd4 Rb2 41.Rb8 Kg6 42.Rb7 Nc3 43.b6 Nd5
44.Nc6 Rxb6 45.Ne5+ Kf5 46.Rxb6 Nxb6 47.Nxf7 Nc4 48.Nd8 Na5 49.Nf7 Nb7 50.f4 Kxf4
51.g4 Kg3 52.g5 hxg5 53.Nxg5 Nc5 54.Kf1 Kh4 55.Nf7 Kxh3 56.Ke2 Kg4 57.Ke3 Nd7
58.Ke4 g5 59.Nd8 e5 60.Nf7 Kh4 61.Kf5 g4 62.Ng5 Nc5 63.Nf7 e4 64.Kf4 g3 65.Ke3 Kh3  0-1